Flags with dragons - Statistics

General Stats
  • This quiz has been taken 64 times
  • The average score is 5 of 10
Answer Stats
Picture Hint Answer % Correct
Bhutan
96%
Wales
95%
the dragon, slain by St. George, is to be found in the middle of the cross Malta
88%
Russian city Moscow
46%
historical dynasty of China Qing Dynasty
46%
former Portuguese colony Portuguese Macau
45%
former British colony British Hong Kong
34%
county in southern England Somerset
9%
capital of a Russian Republic Kazan
7%
one of the smaller states of India Manipur
7%
No matching quizzes found
Score Distribution
Percent of People with Each Score
Percentile by Number Answered
Your Score History
You have not taken this quiz